[Event "Caracas Hybrid Rapid op"]
[Site "Caracas"]
[Date "2022.09.18"]
[Round "11"]
[White "Ramirez Portuguez, Anderson Javier"]
[Black "Gonzalez Zerpa, Fabricio Rafael"]
[Result "0-1"]
[WhiteElo "1280"]
[BlackElo "1820"]
[PlyCount "108"]
[EventDate "2022.09.17"]
[EventType "swiss"]
[EventRounds "11"]
[EventCountry "VEN"]
[SourceTitle "EXT 2023"]
[Source "ChessBase"]
[SourceDate "2022.10.05"]
[SourceVersion "1"]
[SourceVersionDate "2022.10.05"]
[SourceQuality "1"]

1. e4 c5 2. Nf3 d6 3. d4 cxd4 4. Nxd4 Nf6 5. Nc3 a6 6. Be2 e5 7. Nb3 Be6 8. Bg5 Be7 9. 0-0 0-0 10. Bxf6 Bxf6 11. Nd5 Bxd5 12. Qxd5 Nc6 13. c3 Qc7 14. Rad1 Rad8 15. f4 exf4 16. Rxf4 Be5 17. Rh4 Ne7 18. Qc4 Qxc4 19. Bxc4 b5 20. Be2 f5 21. exf5 Nxf5 22. Re4 Rde8 23. Bh5 g6 24. Bf3 Kg7 25. Na5 Rc8 26. Nc6 Bxh2+ 27. Kxh2 Rxc6 28. g4 d5 29. Rxd5 Nd6 30. Rxd6 Rxd6 31. Re7+ Rf7 32. Rxf7+ Kxf7 33. Kg1 g5 34. Kf1 Kf6 35. Ke1 Ke5 36. Be2 Kf4 37. Kf2 Rd2 38. Ke1 Rxb2 39. c4 Rxe2+ 40. Kxe2 bxc4 41. a4 Kxg4 42. a5 h5 43. Kf2 c3 44. Kg2 c2 45. Kf2 c1R 46. Ke2 Rc3 47. Kf2 Rg3 48. Ke2 h4 49. Kf2 h3 50. Kf1 h2 51. Kf2 h1R 52. Ke2 Rh2+ 53. Kf1 Ra3 54. Ke1 Ra1# 0-1

[Event "Caracas Hybrid Rapid op"]
[Site "Caracas"]
[Date "2022.09.17"]
[Round "7"]
[White "Gonzalez Zerpa, Fabricio Rafael"]
[Black "Herrera Vargas, Juan Carlos"]
[Result "1-0"]
[WhiteElo "1820"]
[BlackElo "1548"]
[PlyCount "95"]
[EventDate "2022.09.17"]
[EventType "swiss"]
[EventRounds "11"]
[EventCountry "VEN"]
[SourceTitle "EXT 2023"]
[Source "ChessBase"]
[SourceDate "2022.10.05"]
[SourceVersion "1"]
[SourceVersionDate "2022.10.05"]
[SourceQuality "1"]

1. d4 d5 2. c4 c6 3. cxd5 cxd5 4. Nc3 Nf6 5. Bf4 Nc6 6. e3 a6 7. Bd3 Bg4 8. f3 Bh5 9. Qb3 Ra7 10. Rc1 e6 11. Nge2 Be7 12. 0-0 0-0 13. Rfd1 Na5 14. Qc2 Bg6 15. e4 b5 16. e5 Nd7 17. Bxg6 hxg6 18. b3 Ba3 19. Rb1 Rc7 20. Qd3 Be7 21. Be3 Nc6 22. Qd2 Qb8 23. Rbc1 Ba3 24. Rc2 Nb4 25. Rdc1 Nxc2 26. Rxc2 Rfc8 27. Qd3 Qb7 28. Nb1 Rxc2 29. Nxa3 Rxa2 30. b4 Nb6 31. Qb3 Ra1+ 32. Kf2 Nc4 33. Bc1 Qb6 34. Nc2 Ra4 35. Nc3 Nxe5 36. Be3 Nc4 37. Nxa4 bxa4 38. Qxa4 Nxe3 39. Kxe3 Qc7 40. Ne1 Qc3+ 41. Nd3 Qc4 42. Qd7 Qc7 43. Qa4 a5 44. bxa5 Ra8 45. a6 Qxh2 46. Qc6 Qg1+ 47. Nf2 Qe1+ 48. Kf4 1-0

[Event "Caracas Hybrid Rapid op"]
[Site "Caracas"]
[Date "2022.09.17"]
[Round "9"]
[White "Silva Mago, Alvaro Francisco"]
[Black "Gonzalez Zerpa, Fabricio Rafael"]
[Result "0-1"]
[WhiteElo "1502"]
[BlackElo "1820"]
[PlyCount "90"]
[EventDate "2022.09.17"]
[EventType "swiss"]
[EventRounds "11"]
[EventCountry "VEN"]
[SourceTitle "EXT 2023"]
[Source "ChessBase"]
[SourceDate "2022.10.05"]
[SourceVersion "1"]
[SourceVersionDate "2022.10.05"]
[SourceQuality "1"]

1. e4 c5 2. c3 d5 3. exd5 Qxd5 4. d4 Nc6 5. Nf3 cxd4 6. cxd4 Bg4 7. Be2 e6 8. Nc3 Bb4 9. 0-0 Bxc3 10. bxc3 Nge7 11. c4 Qd8 12. Bb2 0-0 13. d5 exd5 14. cxd5 Qxd5 15. Qa4 Bf5 16. Rfd1 Qe4 17. Qxe4 Bxe4 18. Rd7 Rab8 19. Ba3 Rfe8 20. Bc4 Bf5 21. Rc7 h6 22. Re1 Rec8 23. Rxc8+ Rxc8 24. Bxe7 Nxe7 25. Rxe7 Rxc4 26. h3 Rb4 27. Ne5 Be6 28. Rc7 Bxa2 29. Rc8+ Kh7 30. Rc7 Be6 31. g3 a5 32. f4 g6 33. g4 Rxf4 34. Rxb7 a4 35. Ra7 Bb3 36. Nc6 Re4 37. Nd8 Kg7 38. Kg2 g5 39. Kf3 Bd5 40. Kg3 Re3+ 41. Kh2 a3 42. Nb7 Re7 43. Rxa3 Rxb7 44. Rd3 Rb2+ 45. Kg3 Rg2# 0-1